Joueur avec plus de 90 buts au PSG - Mort Subite - Statistiques

Statistiques générales
  • Ce quiz a été pris 1 595 fois
    609 depuis la dernière actualisation
  • Le résultat moyen est 4 sur 9
Answers on the Grid
Answers color-coded by a green-red scale on the quiz's grid according to % correct below.
Ángel Di María
David Ginola
Dominique Rocheteau
Edinson Cavani
Georges Weah
Javier Pastore
Kylian Mbappé
Lucas Moura
Mustapha Dahleb
Nenê
Neymar
Pauleta
Raí
Zlatan Ibrahimović
Guillaume Hoarau
Ousmane Dembélé
Marquinhos
Mauro Icardi
François M'Pelé
Lionel Messi
 
Statistiques - réponses
Réponse % Correct
256 Kylian Mbappé
80%
156 Zlatan Ibrahimović
76%
200 Edinson Cavani
75%
118 Neymar
67%
109 Pauleta
51%
92 Ángel Di María
44%
100 Dominique Rocheteau
18%
98 Mustapha Dahleb
16%
94 François M'Pelé
8%
Aucun quiz correspondant
Distribution des résultats
% des personnes avec chaque résultat
Percentile par nombre de réponses
Votre historique - résultats
Vous n’avez pas pris ce quiz depuis la dernière actualisation